Routledge handbook of regionalism & federalism / (Record no. 16008)
[ view plain ]
| 000 -LEADER | |
|---|---|
| fixed length control field | 02260nam a2200277 a 4500 |
| 001 - CONTROL NUMBER | |
| control field | ASIN0415566215 |
| 005 - DATE AND TIME OF LATEST TRANSACTION | |
| control field | 20170105102930.0 |
| 008 - FIXED-LENGTH DATA ELEMENTS--GENERAL INFORMATION | |
| fixed length control field | 140115s2013 xxu eng d |
| 020 ## - INTERNATIONAL STANDARD BOOK NUMBER | |
| International Standard Book Number | 0415566215 (hardcover) |
| Terms of availability | $225.00 |
| 020 ## - INTERNATIONAL STANDARD BOOK NUMBER | |
| International Standard Book Number | 9780415566216 (hardcover) |
| 040 ## - CATALOGING SOURCE | |
| Original cataloging agency | 0 |
| 050 04 - LIBRARY OF CONGRESS CALL NUMBER | |
| Classification number | JF197 |
| 082 04 - DEWEY DECIMAL CLASSIFICATION NUMBER | |
| Classification number | 320.4049 |
| Author Mark | ROU 2013 |
| 245 00 - TITLE STATEMENT | |
| Title | Routledge handbook of regionalism & federalism / |
| Statement of responsibility, etc. | John Loughlin, John Kincaid, Wilfried Swenden. |
| 250 ## - EDITION STATEMENT | |
| Edition statement | 0th ed. |
| 260 ## - PUBLICATION, DISTRIBUTION, ETC. | |
| Place of publication, distribution, etc. | [S.l.] : |
| Name of publisher, distributor, etc. | Routledge, |
| Date of publication, distribution, etc. | 2013. |
| 300 ## - PHYSICAL DESCRIPTION | |
| Extent | 640 p. ; |
| Dimensions | 27 cm. |
| 520 ## - SUMMARY, ETC. | |
| Summary, etc. | Almost all states are either federal or regionalized in some sense. It is difficult to find a state that is entirely unitary and the Routledge Handbook of Regionalism and Federalism necessarily takes in almost the entire world. Both federalism and regionalism have been subjects of a vast academic literature mainly from political science but sometimes also from history, economics, and geography. This cutting edge examination seeks to evaluate the two types of state organization from the perspective of political science producing a work that is analytical rather than simply descriptive. The Handbook presents some of the latest theoretical reflections on regionalism and federalism and then moves on to discuss cases of both regionalism and federalism in key countries chosen from the world’s macro-regions. Assembling this wide range of case studies allows the book to present a general picture of current trends in territorial governance. The final chapters then examine failed federations such as Czechoslovakia and examples of transnational regionalism - the EU, NAFTA and the African Union. Covering evolving forms of federalism and regionalism in all parts of the world and featuring a comprehensive range of case studies by leading international scholars this work will be an essential reference source for all students and scholars of international politics, comparative politics and international relations. |
| 650 #0 - SUBJECT ADDED ENTRY--TOPICAL TERM | |
| Topical term or geographic name entry element | Federal government |
| 650 #0 - SUBJECT ADDED ENTRY--TOPICAL TERM | |
| Topical term or geographic name entry element | Regionalism |
| 700 1# - ADDED ENTRY--PERSONAL NAME | |
| Personal name | Kincaid, John. |
| 700 1# - ADDED ENTRY--PERSONAL NAME | |
| Personal name | Loughlin, John. |
| 700 1# - ADDED ENTRY--PERSONAL NAME | |
| Personal name | Swenden, Wilfried. |
| 856 40 - ELECTRONIC LOCATION AND ACCESS | |
| Materials specified | Amazon.com |
| Uniform Resource Identifier | <a href="http://www.amazon.com/exec/obidos/ASIN/0415566215/chopaconline-20">http://www.amazon.com/exec/obidos/ASIN/0415566215/chopaconline-20</a> |
| 942 ## - ADDED ENTRY ELEMENTS (KOHA) | |
| Source of classification or shelving scheme | |
| Koha item type | Book |
| Withdrawn status | Lost status | Damaged status | Not for loan | Collection code | Permanent Location | Current Location | Shelving location | Date acquired | Total Checkouts | Full call number | Barcode | Date last seen | Price effective from | Koha item type |
|---|---|---|---|---|---|---|---|---|---|---|---|---|---|---|
| Centre for International Peace & Stability (CIPS) | Centre for International Peace & Stability (CIPS) | General Stacks | 11/21/2013 | 320.4049 ROU 2013 | CIPS0002487 | 01/15/2014 | 01/15/2014 | Book |
